[Event "EU-ch (Women) 8th"]
[Site "Dresden"]
[Date "2007.04.03"]
[Round "1"]
[White "Kadimova, Ilaha"]
[Black "Kosintseva, Nadezhda"]
[Result "1/2-1/2"]
[WhiteElo "2333"]
[BlackElo "2496"]
[Annotator "Kosintseva,N+T"]
[PlyCount "54"]
[EventDate "2007.04.03"]
[EventType "swiss"]
[EventRounds "11"]
[EventCountry "GER"]
[SourceTitle "CBM 117 Extra"]
[Source "ChessBase"]
[SourceDate "2007.05.09"]
[SourceVersion "1"]
[SourceVersionDate "2007.05.09"]
[SourceQuality "1"]

1. d4 Nf6 2. c4 e6 3. Nc3 Bb4 4. Qc2 O-O 5. a3 Bxc3+ 6. Qxc3 d6 7. e3 b6 8. Nf3
Bb7 9. Be2 Ne4 10. Qc2 f5 11. O-O Rf6 {In this line of the Nimzo-Indian
Defence White seeks play in the centre by: b4, Bb2 and after that is trying to
make d5 and c5 advances, sometimes even at the price of a pawn with the idea
of opening the diagonals for the bishops. Black needs to oppose this plan
somehow, and one of the possible plans is the rook transfer via f6 on the
kingside, and after that transfer of the other black pieces, trying to create
threats against White's king.} 12. b4 Rh6 13. g3 $6 {An unnecessary precaution
which leads only to the weakening of the white kingside.} ({Principled was} 13.
d5 {similar to the game Kramnik - Polgar,2005, with the only difference being
that in the aforementioned game black rook stays on g6. The rook on h6 gives
Black some more tactical nuances linked with the Qh4 thrust, which looks
dangerous. That is why it is very difficult for White to go into the
complications, especially if the position was not analysed at home.} Nd7 $1 {
It is important to develop the pieces, not to take pawns:} (13... exd5 $6 14.
Nd4 (14. cxd5 $5) 14... Qh4 15. h3 Rg6 (15... Ng5 16. Nxf5 $18) 16. Nxf5 Qf6 (
16... Qg5 17. Bg4 h5 18. cxd5 Bxd5 (18... hxg4 19. Qxe4 gxh3 20. Ne7+ $18) 19.
f3 hxg4 20. fxe4 $16) 17. Nd4 Nc6 (17... c5 18. cxd5 Ng5 (18... Bxd5 19. Bd3
Qe5 (19... Rxg2+ 20. Kxg2 Nd2+ 21. e4 Qg6+ 22. Kh2 Nxf1+ 23. Bxf1 Bxe4 24. Qb3+
$18) 20. Ne2) 19. Bd3 Nxh3+ 20. Kh2 Nf4 (20... Qe5+ 21. f4 Nxf4 22. Rxf4 cxd4
23. Bxg6 $18) 21. exf4 (21. Bxg6 Nxg6 22. Nb3 Bxd5) 21... Rh6+ 22. Kg1 Qh4 23.
f3 $18) 18. Nxc6 (18. cxd5 Nxd4 19. exd4 Bxd5 20. Bh5 Rxg2+ $1 21. Kxg2 Nd2+
22. f3 Nxf1 23. Kxf1 Bxf3 $13) 18... Bxc6 19. Bb2 Qg5 20. Bg4 dxc4 (20... h5
21. f4) 21. Qxc4+ d5 22. Qd4 $14) 14. Nd4 $1 {and as the analyses showed the
complications after:} (14. dxe6 $5 Nf8 {If I can trust my database, this
position has appeared twice in practice and after that followed:} 15. c5 $5 (
15. Nd4 $5) 15... Nxe6 16. c6 Bc8 17. Bb2 Qe8 18. Rad1 (18. Nd2 N6g5 19. Nxe4
fxe4 20. Qc3 Qe7 21. f4 exf3 22. Bxf3 Be6 23. Be2 Kh8 24. Qd4 Rg8 25. Rf4 Nf7
26. Raf1 Ne5 27. Qe4 Ng6 28. Rf6 Re8 29. Qd4 Rg8 30. Qe4 Re8 31. g3 d5 32. Qd4
Rg8 33. R6f2 Qe8 34. b5 Qe7 35. Bd3 Qe8 36. Bc2 Bc8 37. Rf7 {1-0 Schandorff,
L-Johansson,J/Stockholm 1996/CBM 057 ext (37)}) 18... Qh5 19. h3 N6g5 20. Nxg5
Qxg5 21. Bf3 Qg6 22. Kh2 Be6 {1/2-1/2 Sokolov,I-Romanishin,O/Pula 1991/TD (22)}
) 14... Qh4 15. h3 Ng5 {are in White's favour.} 16. e4 $1 (16. Nxe6 $4 Nxh3+
$19) 16... f4 {Menacing Nh3} (16... Rg6 17. Bxg5 Qxg5 18. g3 fxe4 (18... Qh4
19. Bg4 $1 Qf6 20. exf5 Rxg4 21. Nxe6 $36) 19. Bg4 $5 (19. Nxe6 $5 Qe5 20. Bg4)
19... Nf8 20. Nxe6 Nxe6 21. Bxe6+ Rxe6 22. dxe6 Qe5 23. c5 $14) 17. Bg4 Ne5 18.
Bxf4 $1 {On the other hand, White also does not need to lust after material.} (
18. Bxe6+ $6 Nxe6 19. Nxe6 Rxe6 (19... Nf3+ 20. Kh1 $18) 20. dxe6 f3 $44) 18...
Nxg4 (18... Nxh3+ 19. gxh3 Nxg4 20. Bxh6 Qxh3 21. f3 $18) 19. Bxg5 Qxg5 20.
hxg4 Qxg4 (20... Qh4 21. f3) 21. f3 Qh4 22. Nxe6 $14) 13... Nd7 14. Bb2 ({
Here on:} 14. d5 {Black can reply:} c5 (14... exd5 15. Nd4 $5 (15. cxd5 $5)
15... c5 (15... Qg5 16. cxd5 (16. f3 $2 Nxg3 $19) (16. f4 $2 Qg6 $17) 16...
Bxd5 17. Bc4 Bxc4 18. Qxc4+ Kh8 19. Qc6 $16) 16. Nxf5 Rf6 17. Nh4 $36) (14...
Ndf6 15. Nd4 exd5 16. f3 Ng5 17. e4 $16) (14... Nf8 15. Nd4 Qg5 16. Bd3 $36)
15. Bb2 ({with the idea on:} 15. dxe6 Nf8 $1 16. Bb2 Nxe6 17. Rfd1 Qe7 $132) (
15. dxc6 Bxc6 16. Bb2 (16. Nd4 $2 Qh4 $1 17. gxh4 Rg6+ 18. Kh1 Nxf2#) 16... e5
17. Rfd1 Qf6 $132 18. c5 $6 bxc5 19. bxc5 Ndxc5 20. Bc4+ Kh8 $15) 15... Qe7 16.
Rad1 Rf8 $13) 14... Ndf6 15. d5 Ng4 ({The capture on d5 does not promise
anything; after:} 15... exd5 16. Nd4 {White is ready to push back her
opponent's pieces with f3.}) 16. Rad1 $2 {White is waiting, she had to open up
the position and give life to her bishops:} (16. dxe6 $1 Qe8 (16... Nxh2 $2 {
doesn't work} 17. Nxh2 Qg5 {because of the only but sufficient} 18. Bf3 $1 $18)
({and also} 16... Ng5 $2 17. Qxf5 $18) 17. c5 Qg6 (17... bxc5 18. bxc5 dxc5 (
18... Nxc5 19. Qxf5 $16) 19. Bxg7 Kxg7 20. Qb2+ $16) (17... Qh5 18. Nh4) 18. c6
({on} 18. cxd6 {there is a counter-blow} Nxh2 19. Ne5 (19. Qxc7 Nxd6 $1) 19...
Ng5 $1 20. e4 (20. f3 Qh5 $40) 20... Bxe4 21. Qxe4 fxe4 $19 22. Nxg6 Nhf3+ 23.
Bxf3 Nxf3+ 24. Kg2 Rh2#) 18... Bc8 19. e7 Be6 20. Bc4 (20. Bd3 Re8 $13) 20...
Re8 $14 (20... d5 21. Bb3 Rh3 22. Rad1 Qh5 23. Rxd5 $1 Bxd5 24. Bxd5+ Kh8 25.
Bxe4 fxe4 26. Qxe4 Rxh2 27. Ne5 $16)) 16... Qe8 17. Nh4 ({Now} 17. dxe6 {
is not enough; after:} Qg6 $1 {White can escape the various mating ideas
connected with Nh2 and Ne3 only with the help of heavy material losses.} 18.
Rd5 Nxh2 (18... c6 $5) 19. Nxh2 Bxd5 20. cxd5 Nxg3 21. Bf3 Nxf1+ 22. Kxf1 Rc8
$17) 17... Rxh4 {Otherwise White will push back Black's knights by f3.} 18.
gxh4 (18. Bxg4 {does not work-} Rxg4 19. f3 {because of the intermediate} Nxg3
20. fxg4 Nxf1 21. Rxf1 exd5 $17) 18... Qg6 19. Bxg4 Qxg4+ 20. Kh1 Qf3+ 21. Kg1
exd5 22. cxd5 Ba6 23. Rfe1 $2 {White does not want to give back the material
and keeps the extra exchange. But her pieces are awkwardly placed, and for the
moment she lacks the resource Qd1,which can help her drive back the queen from
the f3 square.} ({Necessary was:} 23. Rde1 {preparing Qd1, and after:} Bxf1 24.
Rxf1 f4 (24... Qg4+ 25. Kh1 Qf3+ $11) 25. Qd1 (25. exf4 Re8 26. Qd1 Qxf4 $36)
25... Qxd1 (25... Qh3 26. f3 Ng3 27. hxg3 Qxg3+ 28. Kh1 Qxh4+ 29. Kg2 Qg3+ 30.
Kh1 $11) 26. Rxd1 fxe3 27. fxe3 {despite White's bad pawn structure, I doubt
that Black will be much better in the arising endgame, since there is also a
weakness on c7 in her camp. One sample line could be} a5 28. Rd4 (28. Rc1 $6
axb4 29. axb4 Ra2 30. Bd4 Nd2 31. Rxc7 Nf3+ 32. Kf1 Nxh2+ 33. Ke1 Nf3+ 34. Kd1
Nxd4 35. exd4 Rh2) 28... Nf6 29. Rd2 axb4 30. Bxf6 gxf6 31. axb4) (23. Qxc7 {
did not work either, because of} Qg4+ 24. Kh1 Be2 $1 $19) 23... Rf8 $6 {
This move does not spoil the chances, but significantly complicates the
finding of the right plan:} ({I had at my disposal a tactical idea, which
unfortunately I noticed only a move later:} 23... Bb5 $1 {preparing Ba4:} 24.
Rd2 (24. Rd4 c5 $1 25. dxc6 Qg4+ 26. Kh1 Bxc6 $19) 24... c5 $5 $36 25. dxc6 $4
Nxd2 26. Qxd2 Qg4+ 27. Kh1 Bxc6+ $19) (23... g5 24. h5 g4 25. a4 Bc4) 24. a4
Bc4 $2 ({During the game I thought that on} 24... f4 $1 {there is the sudden}
25. h3 $1 {and if Black stays there is ef and Re3 and Black's attack
evaporates. But my home analyses helped me to find the striking} Bf1 $1 (25...
Qxh3 26. Qxe4 $18) (25... fxe3 26. Rxe3 $16) (25... Bc8 26. exf4 Rxf4 27. Re3
$16) 26. Rxf1 fxe3 27. Bd4 (27. fxe3 Qxe3+ 28. Kg2 Qg3+ 29. Kh1 Nf2+ $19) 27...
e2 28. Qxc7 Nf6 29. Rde1 exf1=Q+ 30. Rxf1 Nh5 $17) 25. Rd4 Qg4+ 26. Kh1 Qf3+
27. Kg1 Qg4+ {With the time deficit (we both had only seconds left) and after
spending the greatest part of the time seeking resources after 27...Rf6 I
could not find anything. So I repeated the position for the third time and
agreed to a draw.} (27... Rf6 {did not work} 28. Rxc4 Rg6+ 29. Kf1 Rg2 30. Rxe4
fxe4 31. Re2 {and king runs away.} Rg5 32. Ke1 Rxd5 33. Bd4 c5 34. Qc4 Qf7 35.
Rc2 $16) ({After} 27... b5 28. Rxc4 $8 (28. axb5 Bxb5 29. h3 Rf6 $19) (28. h3
Rf6 29. h5 Qxh5 30. Rxe4 Rg6+ 31. Kh2 Qg5 32. Rg4 fxg4 $17) 28... bxc4 {
Black ran no risk at all and could carry on fighting for an advantage;} {
but after:} 29. Bd4 $1 (29. Qe2 $6 Qxe2 30. Rxe2 c3 31. Ba1 Nf6 32. Bxc3 Nxd5
33. Rc2 Rc8 34. b5 c5) 29... f4 (29... g5 30. Qe2) 30. Qe2 fxe3 31. Qxf3 Rxf3
32. Bxe3 {I guess that the position is close to equal, despite the weaknesses
in White's pawn structure. They could be fully compensated for by the pawn
weaknesses in my own camp. Here is a sample line:} Nc3 33. Kg2 Rf5 34. Rc1 Nxd5
35. Rxc4) 1/2-1/2

[Event "Tata Steel-B 73rd"]
[Site "Wijk aan Zee"]
[Date "2011.01.18"]
[Round "4"]
[White "Li, Chao B"]
[Black "Le, Quang Liem"]
[Result "1-0"]
[WhiteElo "2649"]
[BlackElo "2664"]
[Annotator "Krasenkow,M"]
[PlyCount "155"]
[EventDate "2011.01.14"]
[EventType "tourn"]
[EventRounds "13"]
[EventCountry "NED"]
[EventCategory "17"]
[SourceTitle "CBM 141"]
[Source "ChessBase"]
[SourceDate "2011.03.17"]
[SourceVersion "1"]
[SourceVersionDate "2011.03.17"]
[SourceQuality "1"]

1. d4 Nf6 2. c4 e6 3. Nc3 Bb4 4. Qc2 O-O 5. e4 d6 6. Bd3 Nc6 7. Nge2 Ba5 $1 {
[%cal Ya5b6] A curious idea by Kramnik. It was examined in annotations to Al
Sayed - Eljanov by GM M.Marin (CBM 134).} (7... e5 {is hardly enough for
equality, e.g.} 8. d5 Nd4 9. Nxd4 exd4 10. a3 Ba5 11. b4 dxc3 12. bxa5 Ng4 13.
Qxc3 f5 14. f3 fxe4 15. Bxe4 Qh4+ 16. g3 Qh3 17. Bb2 Rf7 18. Qd4 Nf6 19. O-O-O
$14 {1-0 Fier,A (2604)-Iturrizaga Bonelli,E (2555)/Sao Paulo 2009/CBM 132
Extra (57)}) 8. a3 (8. O-O Bb6 9. d5 (9. Be3 Ng4) 9... Nb4 10. Qd2 exd5 11.
cxd5 (11. Nxd5 Nfxd5 12. cxd5 Nxd3 13. Qxd3 f5 $15 {V.Kramnik}) 11... Ng4 12.
Bb1 (12. h3 Ne5 13. Bb1 Bxh3 $1) (12. Nf4 Nxd3 13. Nxd3 f5 14. h3 fxe4 15. Nxe4
Bf5 16. Ng5 Ne3 $1 17. fxe3 Qxg5 $19 {0-1 Vavrak,P (2466)-Groszpeter,A (2525)/
Szombathely HUN 2010/The Week in Chess 850 (49)}) 12... Qh4 13. Qf4 f5 14. exf5
$2 (14. Qg3 Qxg3 15. Nxg3 fxe4 16. Ngxe4 Bf5 $17 {V.Kramnik}) 14... Bxf5 15. h3
Bxf2+ 16. Kh1 Bd7 17. Qg5 Bc5 $19 {0-1 Carlsen,M (2776)-Kramnik,V (2759)/Nice
2009/CBM 129 Extra (20)}) (8. d5 Nb4 9. Qd2 c6 (9... exd5 $5 10. cxd5 Ng4 11.
Bb1 Qh4) 10. dxc6 bxc6 11. O-O Ba6 12. b3 d5 13. e5 Nxd3 14. Qxd3 Nd7 15. Qg3 {
1/2 Al Sayed,M (2504)-Eljanov,P (2729)/Khanty Mansiysk 2009/CBM 134/[Marin,M] 
(63)} Qc7 $1 16. Ba3 Nxe5 17. Bxf8 Rxf8 $36) (8. Bg5 h6 9. Bh4 {1-0 Shabalov,A
(2611)-Ajrapetjan,Y (2525)/Moscow 2010/CBM 135 (47)} Bb6 $1 $15) 8... Bb6 9. e5
$146 {[%mdl 8]} (9. Be3 Ng4 $1 10. b4 e5 11. Nd5 Bxd4 $19 {0-1 Porte,H (2115)
-Hammer,J (2583)/Helsingor 2009/CBM 131 Extra (25)}) (9. d5 Ne5 10. Na4 exd5
11. cxd5 Ba5+ $5 12. b4 $140 Bd7 $1) 9... dxe5 10. Bg5 $5 {Unusual but
probably the best.} (10. c5 exd4 11. Na2 Ne5 $1 12. cxb6 axb6 $17 {[%cal Yc7c5]
}) 10... h6 (10... exd4 $6 11. Ne4) (10... Nxd4 11. Nxd4 Qxd4 12. Be3 Qg4 13.
c5 Qxg2 14. O-O-O $16) (10... Bxd4 11. Bxh7+ Kh8 12. O-O $44) 11. Bxf6 Qxf6 12.
c5 exd4 13. Ne4 {That's the difference from the immediate 10.c5.} Qg6 (13...
Ba5+ $5 14. b4 Qg6 15. bxa5 Qxg2 16. N4g3 f5 $13) 14. cxb6 f5 $6 (14... Qxg2 {
doesn't work now due to} 15. Nf6+ $1 Kh8 16. Qc5 $1 Rg8 (16... Rd8 17. bxc7)
17. Rg1 Qxh2 18. Nxg8 Kxg8 19. bxc7 Qxc7 20. Nxd4 $18) (14... axb6 $1 {is
still quite good for Black.}) 15. N4g3 (15. bxc7 $1 fxe4 16. Bxe4 Qf6 17. O-O
$14) 15... e5 $6 {Too aggressive.} (15... axb6 $142) 16. bxc7 e4 17. Bc4+ Kh7
18. O-O (18. Qd2 $142 $1 d3 19. Nf4 $16) 18... d3 19. Bxd3 (19. Qd2 $5 dxe2 20.
Nxe2 Ne5 21. Qb4) 19... exd3 20. Qxd3 f4 $6 {The resulting endgame is clearly
better for White as Black can't recapture the c7-pawn without concessions.} (
20... Qf7 $142 21. Nd4 Nxd4 22. Qxd4 Qxc7 23. Rfe1 $14 {Black's position is
weakened but he can fight on.}) 21. Qxg6+ Kxg6 22. Ne4 f3 23. N2c3 (23. gxf3 $5
Rf7 (23... Rxf3 24. Nd6) 24. Kg2 Rxc7 25. Rac1 $16) 23... Rf7 24. Nd5 Be6 25.
Nec3 Nd4 (25... Bxd5 $1 26. Nxd5 Ne7 27. Nc3 $1 $16) 26. Rfe1 Ne2+ 27. Kh1 $1
Kh7 28. gxf3 Nxc3 29. Nxc3 Bd7 30. Rac1 Bc6 31. Nb5 a6 32. Nd4 Rxc7 33. Nxc6
bxc6 {Finally White has got a rook ending with an extra pawn and gradually
converts his advantage.} 34. Rc5 Rf8 35. Kg2 Rf6 36. Rec1 Kg8 37. b4 Kf7 38. a4
Rb7 39. R1c4 Rb6 40. h4 Ke7 41. h5 Rb8 42. Kg3 Rb6 43. f4 Rd6 44. a5 Rb5 45.
Rxc6 Rxh5 46. Rc7+ Kf6 47. Rb7 Rhd5 48. Rcc7 g5 49. Rh7 gxf4+ 50. Kxf4 Rf5+ 51.
Kg3 Rg5+ 52. Kf3 Rf5+ 53. Kg2 Ke5 54. Rbd7 Rg6+ 55. Kf1 Rgf6 56. Rhe7+ Kf4 57.
Rd4+ Kg5 58. Rg7+ Kh5 59. Rg2 Re6 60. Rd3 Rg5 61. Rd7 Re4 62. Rb7 Rb5 63. Rxb5+
axb5 64. Rg3 Rxb4 65. Ra3 Rb1+ 66. Kg2 b4 67. Ra4 b3 68. a6 b2 69. Ra5+ Kh4 70.
a7 Rd1 (70... Rg1+ 71. Kxg1 b1=Q+ 72. Kh2 $18) 71. a8=Q b1=Q 72. Ra4+ Kg5 73.
Qg8+ Kf6 74. Ra6+ Ke5 75. Qe6+ Kd4 76. Ra4+ Kc3 77. Rc4+ Kd3 78. Qe4+ 1-0

[Event "Candidates sf"]
[Site "Elista"]
[Date "2007.05.28"]
[Round "1.2"]
[White "Gurevich, Mikhail"]
[Black "Leko, Peter"]
[Result "0-1"]
[WhiteElo "2635"]
[BlackElo "2738"]
[Annotator "Krasenkow,M"]
[PlyCount "106"]
[EventDate "2007.05.27"]
[EventType "k.o."]
[EventRounds "12"]
[EventCountry "RUS"]
[SourceTitle "CBM 119"]
[Source "ChessBase"]
[SourceDate "2007.08.01"]
[SourceVersion "1"]
[SourceVersionDate "2007.08.01"]
[SourceQuality "1"]

1. d4 Nf6 2. c4 e6 3. Nc3 Bb4 4. Qc2 O-O 5. a3 Bxc3+ 6. Qxc3 b6 7. Bg5 Bb7 8.
f3 h6 9. Bh4 d5 10. e3 Nbd7 11. cxd5 Nxd5 12. Bxd8 Nxc3 13. Bh4 Nd5 14. Bf2 c5
15. e4 Ne7 16. O-O-O $6 {A dubious novelty in a well-known theoretical
position. The white king is completely misplaced on the queenside. It is
amazing that White now loses without making obvious mistakes!} (16. Bb5) (16.
Ne2) 16... Rac8 17. Kb1 ({I can hardly imagine that} 17. dxc5 {was a lesser
evil:} Nxc5 18. Kb1 (18. Bxc5 Rxc5+ 19. Kb1 Rfc8 $36) 18... Rfd8 19. Rxd8+ Rxd8
20. Ne2 Nd3 21. Bg3 f5 $1 $36) 17... c4 $1 {[%cal Yf7f5][%mdl 32] This
blockading motif is not new in this pawn structure but quite unusual for this
particular opening.} 18. Ne2 $6 {Ignoring Black's positional threat.} (18. Re1
$142 $1 {although the initiative belongs to Black anyway:} Rfe8 $1 {renewing
the ...f7-f5 threat.} (18... f5 $5 19. exf5 Nxf5 20. Rxe6 Bd5 $44) 19. Ne2 (19.
g3 f5 20. Bg2 Nf6 21. Nh3 fxe4 22. fxe4 g5) 19... f5 20. Nc3 fxe4 21. Nxe4 (21.
fxe4 Nf6) 21... Bxe4+ 22. fxe4 Nf6 {and the white centre is rather weak.})
18... f5 $1 19. exf5 Nxf5 20. Nc3 Nf6 21. Be2 Nd5 22. Nxd5 Bxd5 {[%csl Gc4,Gd5,
Gf5]} 23. h4 b5 {Starting a deadly queenside attack.} 24. Rhf1 Rf7 25. Rc1 a5
26. Kc2 Ra7 27. Ra1 Rd7 28. Rfd1 Ne7 29. Be1 Nf5 30. Bf2 Rdc7 31. Kd2 Ne7 32.
Re1 Kf7 33. Bd1 b4 34. axb4 axb4 35. Be2 (35. h5 c3+ 36. Kc1 b3 {is quite
gloomy, too.}) 35... c3+ 36. bxc3 bxc3+ 37. Kc2 Bb3+ $1 38. Kc1 (38. Kxb3 c2
$19) 38... Nd5 39. Ra3 Rb7 40. Bd3 Nb4 41. Be4 Bd5 42. Re3 c2 $1 43. Rec3 Rxc3
44. Rxc3 Na2+ 45. Kxc2 Nxc3 46. Kxc3 {Black's attack has brought him a
decisive material advantage.} Rb3+ 47. Kc2 Bc4 48. Bg3 Re3 49. Be5 Re2+ 50. Kc3
Bd5 51. Bxd5 exd5 52. g3 Re3+ 53. Kb4 g6 0-1

[Event "Candidates sf"]
[Site "Elista"]
[Date "2007.05.31"]
[Round "1.4"]
[White "Gurevich, Mikhail"]
[Black "Leko, Peter"]
[Result "0-1"]
[WhiteElo "2635"]
[BlackElo "2738"]
[Annotator "Krasenkow,M"]
[PlyCount "80"]
[EventDate "2007.05.27"]
[EventType "k.o."]
[EventRounds "12"]
[EventCountry "RUS"]
[SourceTitle "CBM 119"]
[Source "ChessBase"]
[SourceDate "2007.08.01"]
[SourceVersion "1"]
[SourceVersionDate "2007.08.01"]
[SourceQuality "1"]

1. d4 Nf6 2. c4 e6 3. Nc3 Bb4 4. Qc2 O-O 5. a3 Bxc3+ 6. Qxc3 b6 7. Bg5 Bb7 8.
f3 h6 9. Bh4 d5 10. e3 Nbd7 11. cxd5 Nxd5 12. Bxd8 Nxc3 13. Bh4 Nd5 14. Bf2 c5
15. e4 Ne7 16. Ne2 f5 {Black should energetically exploit his development
advantage; therefore this immediate attack is more logical than "theoretical"
moves} (16... Rac8 {and}) (16... Rfd8) 17. Ng3 (17. exf5 Nxf5 18. dxc5 Nxc5 19.
Bxc5 bxc5 20. Rc1 Rac8 21. Nf4 g5 {1/2-1/2 Runting,T-Asquith,J/BFCC Email 2002/
ICCF Telechess CBM 104} (21... g5 22. Nd3 c4 23. Ne5 Bd5 24. Bxc4 Ne3 25. b3
Nxg2+ $11)) (17. Nf4 $6 fxe4 18. Nxe6 Rf6 19. Bc4 Bd5 $1 20. Nc7 Bxc4 21. Nxa8
exf3 $40) 17... fxe4 18. fxe4 cxd4 19. Bxd4 Rac8 {[%csl Re1]} 20. Rd1 Rfd8 21.
Bc3 Ng6 22. Bb5 Nc5 23. O-O Ba6 24. Bxa6 Nxa6 $11 25. Rxd8+ $6 {[%mdl 32] This
surrender of the open file starts a series of inaccuracies which lead to
serious trouble.} (25. Nh5 e5 26. Kf2 Nc5 27. Ke3 $11) 25... Rxd8 26. b4 $6 {
Weakening his own position. There was still nothing wrong with} (26. Nh5 e5 27.
Kf2 Rf8+ 28. Ke1 Rxf1+ 29. Kxf1 Nc5 30. Ng3 $11) 26... Nc7 27. a4 b5 $1 28. a5
Ne8 {[%cal Ye8d6,Yd6c4]} 29. Ne2 $6 (29. Rf3 $5 Rc8 (29... Nd6 30. Rd3) 30. Nh5
e5 31. Rd3) 29... e5 {[%csl Rc3,Re2]} 30. Rc1 Nf6 31. Ng3 h5 {[%csl Re4][%cal
Rh5h4]} 32. h3 $6 (32. h4 $5 {looks extremely ugly but it was probably the
only defense!} Rd3 (32... Re8 33. Be1) (32... Rc8 33. Bd2 Rxc1+ 34. Bxc1 Nxh4
35. Bg5 Ng6 36. Bxf6 gxf6 37. Nxh5 Kf7 38. Ng3 $15) 33. Be1 Nf4 34. Kf1 $15)
32... a6 $6 (32... Rc8 {was already possible:} 33. Bd2 Rxc1+ 34. Bxc1 h4 35.
Nf5 Nxe4 36. a6 {[%cal Rc1e3]} Nc3 37. Bd2 Nd5 38. Nd6 Nc7 39. Bc3 Kf8 {
with decent winning chances. Black, however, looks for a more comfortable win.}
) 33. Kh2 $2 {Black's "don't hurry" approach pays off! I suppose, White was
under time pressure already.} (33. Be1 $1 Nf4 34. Kf1 {was the only, quite
difficult defense.}) 33... Rc8 $1 34. Bd2 Rxc1 35. Bxc1 h4 36. Nf5 Nxe4 {
...and White has no counterplay whatsoever!} 37. g3 hxg3+ 38. Nxg3 Nxg3 39.
Kxg3 Kf7 40. Kg4 Ne7 {White resigned without checking GM P.Leko's endgame
technique.} 0-1

[Event "Nalchik FIDE GP"]
[Site "Nalchik"]
[Date "2009.04.21"]
[Round "6"]
[White "Kasimdzhanov, Rustam"]
[Black "Bacrot, Etienne"]
[Result "1/2-1/2"]
[WhiteElo "2695"]
[BlackElo "2728"]
[Annotator "Krasenkow,M"]
[PlyCount "39"]
[EventDate "2009.04.15"]
[EventType "tourn"]
[EventRounds "13"]
[EventCountry "RUS"]
[EventCategory "19"]
[SourceTitle "CBM 130"]
[Source "ChessBase"]
[SourceDate "2009.05.20"]
[SourceVersion "1"]
[SourceVersionDate "2009.05.20"]
[SourceQuality "1"]

1. d4 Nf6 2. c4 e6 3. Nc3 Bb4 4. Qc2 O-O 5. e4 d5 6. e5 Ne4 7. Bd3 c5 8. Nf3 {
Rustam Kasimdzhanov's pet move instead of the normal} (8. cxd5 {or}) (8. Nge2)
{However, everything transposes to well-known positions.} 8... cxd4 9. Nxd4 Nd7
10. Bf4 Qh4 $5 {A rare continuation.} (10... Ndc5 {is common. Here is a recent
example from Kasimdzhanov's praxis:} 11. O-O Nxd3 12. Qxd3 Bxc3 13. bxc3 b6 14.
cxd5 Qxd5 15. Rfd1 Bb7 16. c4 Qa5 17. Nb5 Bc6 18. a4 Qb4 19. Be3 Rfc8 20. Rdb1
Qe7 21. Nd6 Nxd6 22. exd6 Qb7 23. f3 e5 24. Qd2 e4 25. f4 Qa6 26. a5 bxa5 27.
Rxa5 {1/2-1/2 Kasimdzhanov,R-Efimenko,Z/Wijk aan Zee 2009/CBM 129}) {It was
obvious that Rustam had prepared an improvement but Etienne Bacrot deviates
earlier.} 11. g3 Qh3 $146 (11... Qh5 {gave Black a satisfactory position in
the following game but his opponent didn't play in the best manner:} 12. Bxe4 (
12. O-O $5 {needs checking}) 12... dxe4 13. Qxe4 Bxc3+ 14. bxc3 Nc5 15. Qe2 Qg6
16. Rd1 Bd7 17. f3 $6 (17. O-O $142) 17... Ba4 18. Ra1 Rac8 19. O-O Qd3 20.
Rab1 b6 21. Bg5 Qxe2 22. Nxe2 Nd3 $15 {1/2-1/2 Krush,I-Friedel,J/Berkeley 2008/
CBM 127 Extra (37)}) 12. O-O-O {Very aggressive.} (12. cxd5 exd5 13. f3 Nxc3
14. bxc3 Bc5 {doesn't look dangerous for Black, e.g.} 15. Bf5 Qh5 16. Bg4 Qg6)
12... Nxc3 13. bxc3 Ba3+ 14. Kb1 Nb6 {White now probably got scared that his
king was not quite safe. So he decided to repeat moves:} 15. Bf1 Qh5 16. Be2
Qg6 17. Bd3 (17. Qxg6 hxg6 18. Nb5 Bc5 19. Nc7 Rb8 20. cxd5 exd5 21. f3 (21.
Nxd5 Nxd5 22. Rxd5 Bxf2) 21... Bf5+ 22. Bd3 Bh3 $13) 17... Qh5 18. Be2 (18. g4
$5 Qxg4 19. Qd2 $44 {[%cal Yh1g1,Gg1g7,Yd1g1] was definitely worth trying!})
18... Qg6 19. Bd3 Qh5 20. Be2 1/2-1/2